[Event "45th Olympiad 2024"]
[Site "Budapest HUN"]
[Date "2024.09.15"]
[Round "5.81"]
[Board "2"]
[White "Yahi, Mohamed Salem"]
[Black "Dlamini Simphiwe"]
[Result "0-1"]
[WhiteElo "1868"]
[BlackElo "1747"]
[PlyCount "96"]
[EventDate "2024.09.11"]
[WhiteTeam "Mauritania"]
[BlackTeam "Eswatini"]
[WhiteTeamCountry "MAU"]

1. e4 e5 2. Nf3 Nc6 3. Bc4 Be7 4. d4 d6 5. d5 Nb8 6. h3 f5 ({RR} 6... Nf6 7. Bd3 O-O 8. c4 c6 9. Nc3 Nbd7 10. Be3 Nc5 11. Bxc5 dxc5 12. Nxe5 Bd6 13. Nf3 Re8 14. O-O Nd7 15. Qd2 Qf6 16. Rae1 Bf4 17. Qc2 h6 18. Ne2 Bc7 19. Ng3 g6 20. Kh1 Kg7 21. Nh2 {1-0 Polivanov,A (2426)-Sivuk,V (2552) EU-ch blitz Minsk 2015 (6.37)}) 7. Nc3 Nf6 8. Bb5+ $146 ({RR} 8. Qe2 a6 9. Bg5 O-O 10. O-O-O b5 11. Bb3 Kh8 12. exf5 Bxf5 13. g4 Bg6 14. Bxf6 Bxf6 15. h4 c5 16. dxc6 Nxc6 17. g5 Be7 18. h5 Bxg5+ 19. Kb1 Bf7 20. Bxf7 Rxf7 21. Ne4 Be7 22. Rhg1 h6 {1-0 Arild,S (1186)-Mikalsen,O (1558) Alta Hostturnering 2004 (10)}) ({RR} 8. Qe2 h6 9. Nh4 f4 10. Ng6 Rg8 11. g3 fxg3 12. f4 Kf7 13. Nxe5+ dxe5 14. fxe5 Bd6 15. exf6 gxf6 16. e5 g2 17. e6+ Ke7 18. Rg1 Bg3+ 19. Kd1 Nc6 20. Bd2 Ne5 21. d6+ Kxd6 22. e7 Kxe7 {½-½ Souza,R (1719)-Souza dos Santos,M (2031) BRA-ch U2300 Amateurs 2022 (2)}) ({RR} 8. exf5 Bxf5 9. g4 Bc8 10. g5 Nfd7 11. Nh4 g6 12. Bd3 Nc5 13. Nxg6 Nxd3+ 14. Qxd3 hxg6 15. Qxg6+ Kf8 16. h4 Qd7 17. f4 Qg4 18. Rf1 e4 19. Qxe4 Bf5 20. Qd4 Rxh4 21. Be3 Nd7 22. Ne4 Bxe4 {0-1 Rubio Doblas,R (2090)-Lopez Sanchez,M (2125) Malaga-chT Preferente 1999 (6)}) 8... Nbd7 9. Ng5 O-O 10. Ne6 Qe8 11. Nxc7 Qg6 12. exf5 Qxg2 13. Rf1 Nc5 14. Be3 Bxf5 15. Nxa8 a6 16. Be2 Bxh3 17. Bxc5 dxc5 18. Nc7 Ng4 19. d6 Bh4 20. Qd5+ Qxd5 21. N7xd5 Nxf2 22. Rxf2 Bxf2+ 23. Kd2 b5 24. Rd1 Bd4 25. Ne4 g6 26. c3 Bf2 27. Nxf2 Rxf2 28. Ke3 Rf7 29. c4 b4 30. Bf3 Kf8 31. Nc7 h5 32. Nxa6 Rxf3+ 33. Kxf3 Bg4+ 34. Ke4 Bxd1 35. Nxc5 h4 36. Kxe5 h3 37. Ne4 Bf3 38. Ng3 Ke8 39. Nf1 Be2 40. Ng3 Bxc4 41. Kd4 Bxa2 42. Kc5 b3 43. Kd5 Bb1 44. Ke5 Kd7 45. Kd5 h2 46. Ke5 Bf5 47. Kf4 Kxd6 48. Nh1 Kd5 0-1

[Event "45th Olympiad 2024"]
[Site "Budapest HUN"]
[Date "2024.09.15"]
[Round "5.82"]
[Board "1"]
[White "Celis, Joel"]
[Black "De Mey, Juan Pablo"]
[Result "0-1"]
[WhiteElo "1929"]
[BlackElo "1992"]
[PlyCount "101"]
[EventDate "2024.09.11"]
[WhiteTeam "Macau, China"]
[BlackTeam "Aruba"]
[BlackTeamCountry "ARN"]

1. Nf3 Nf6 2. d3 d5 3. Bg5 Nc6 ({RR} 3... Nbd7 4. h3 e5 5. e3 Bd6 6. Be2 O-O 7. Nbd2 h6 8. Bh4 Re8 9. O-O c6 10. Bg3 Nf8 11. Re1 Ng6 12. Nf1 Be6 13. Nh4 Nf8 14. c3 Qb6 15. Qc2 g5 16. Nf3 Bf5 17. e4 dxe4 18. Ne3 {½-½ Nguyen,N (2567)-Le,Q (2583) WMSG Rapid 1st 2008 (9)}) 4. Nbd2 Bf5 $146 ({RR} 4... e5 5. c3 Be7 6. Qc2 O-O 7. e4 Be6 8. Be2 h6 9. Bh4 Nh5 10. Bg3 dxe4 11. dxe4 Nf4 12. Bxf4 exf4 13. Nb3 Bd6 14. Nbd4 Ne5 15. Nxe5 Bxe5 16. Nxe6 fxe6 17. Bg4 Qf6 18. Qb3 Rae8 19. O-O-O {0-1 Benvenuti,C (2165)-Naumkin,I (2493) Montecatini Terme2 1999 (4)}) ({RR} 4... e5 5. e4 dxe4 6. dxe4 Bc5 7. Bb5 Bg4 8. O-O O-O 9. Bxc6 bxc6 10. h3 Bxf3 11. Qxf3 Be7 12. Nc4 Nd7 13. Be3 Bd6 14. Rad1 Qe7 15. Rd2 Nb6 16. Na5 Qe8 17. Rfd1 Bb4 18. c3 Bxa5 19. b4 {1-0 Abdilkhair,A (2258)-Bodi,T (2278) Titled Tue 24th Oct Early 2023 (1)}) ({RR} 4... Qd6 5. e4 Bg4 6. Be2 Bxf3 7. Bxf3 dxe4 8. dxe4 h6 9. Be3 Ne5 10. O-O g5 11. Be2 Bg7 12. c3 O-O 13. f3 Rad8 14. Qb3 b6 15. Nc4 Nxc4 16. Bxc4 e5 17. Rad1 Qe7 18. Rxd8 Rxd8 19. Rd1 {½-½ Haque,R (2002)-Ratnojoy,T (1800) Dhaka Bangabandhu op-B 2021 (4)}) 5. e3 e5 6. d4 exd4 7. exd4 Nb4 8. Bb5+ c6 9. Ba4 b5 10. Bb3 Be7 11. O-O O-O 12. Ne5 Qc7 13. c3 Na6 14. Qf3 Be6 15. a4 bxa4 16. Bxa4 Nb8 17. Nb3 c5 18. Bf4 c4 19. Nd7 Qd8 20. Nxf8 Bg4 21. Qg3 cxb3 22. Nxh7 Kxh7 23. Rfe1 Be6 24. Be5 Nbd7 25. Bc6 Rc8 26. Bb7 Rc4 27. Ba6 Nxe5 28. dxe5 Nd7 29. Bxc4 dxc4 30. Rxa7 Nc5 31. Qf3 g6 32. Rd1 Nd3 33. Qb7 Bc5 34. Ra8 Qb6 35. Qxb6 Bxb6 36. Rd2 Nxe5 37. Rd6 Bc5 38. Rxe6 fxe6 39. Ra4 Kg7 40. Kf1 g5 41. Ke2 Kf6 42. h4 gxh4 43. f4 Nd3 44. Rxc4 Nxb2 45. Rxc5 Na4 46. Rc4 b2 47. Rxa4 b1=Q 48. Rd4 Qc2+ 49. Kf3 Qxc3+ 50. Ke4 Qe1+ 51. Kf3 0-1

[Event "45th Olympiad 2024"]
[Site "Budapest HUN"]
[Date "2024.09.15"]
[Round "5.82"]
[Board "2"]
[White "Stetsenko, Ilya"]
[Black "Mak, Tong Kuan"]
[Result "0-1"]
[WhiteElo "1903"]
[BlackElo "1902"]
[PlyCount "74"]
[EventDate "2024.09.11"]
[WhiteTeam "Aruba"]
[BlackTeam "Macau, China"]
[WhiteTeamCountry "ARN"]

1. e4 c6 2. Nf3 d5 3. d3 dxe4 4. dxe4 Qxd1+ 5. Kxd1 b6 ({RR} 5... Bg4 6. Be2 Nd7 7. Nd4 Bxe2+ 8. Kxe2 e5 9. Nb3 Ngf6 10. f3 Nc5 11. Nxc5 Bxc5 {½-½ Rashkovsky,N (2510)-Kharitonov,A (2535) RUS-ch Elista 1994 (5)}) 6. Be3 $146 ({RR} 6. c3 Bb7 7. Bf4 Nd7 8. Kc2 Ngf6 9. Nbd2 Nh5 10. Be3 Nhf6 11. h3 e6 12. a4 Bc5 13. Bd4 O-O 14. Bxc5 Nxc5 15. e5 Nfe4 16. b4 Nxd2 17. Nxd2 Nd7 18. f4 c5 19. b5 Rfd8 20. Nc4 Be4+ {1-0 Sanal,V (2567)-Kashefi,A (2193) Titled Tue 27th Feb Early 2024 (5)}) ({RR} 6. a4 a5 7. Ne5 Nf6 8. f3 Nfd7 9. Nc4 Ba6 10. Be3 Bxc4 11. Bxc4 e6 12. Ke2 Bc5 13. Bf4 Bd4 14. c3 Be5 15. Be3 Bc7 16. Nd2 Ne5 17. Bb3 Ng6 18. g3 Nd7 19. f4 O-O 20. Rhd1 Rfd8 {1-0 Terry,R (2521)-Kashefi,A (2188) Titled Tue 11th Jun Late 2024 (7)}) 6... Nf6 7. Bd3 Ng4 8. Ke2 Nxe3 9. Kxe3 g6 10. Nbd2 Bg7 11. c3 Na6 12. Nd4 Bh6+ 13. Ke2 Nc5 14. Rhd1 Nxd3 15. Kxd3 Ba6+ 16. Kc2 c5 17. N4f3 f6 18. e5 Kf7 19. exf6 exf6 20. Ne4 Rad8 21. a4 Be2 22. Nd6+ Kg7 23. Rd5 Bf4 24. Re1 Bxf3 25. Re7+ Kf8 26. Rf7+ Kg8 27. gxf3 Rxd6 28. Rxd6 Bxd6 29. Rxa7 Bxh2 30. Rb7 h5 31. Rxb6 Kg7 32. a5 Ra8 33. a6 h4 34. Rb7+ Kh6 35. a7 Bg1 36. b4 cxb4 37. Rb8 Rxa7 0-1

[Event "45th Olympiad 2024"]
[Site "Budapest HUN"]
[Date "2024.09.15"]
[Round "5.83"]
[Board "2"]
[White "McCoy, Tom"]
[Black "Righi, Ezio"]
[Result "1/2-1/2"]
[WhiteElo "1883"]
[BlackElo "1909"]
[PlyCount "60"]
[EventDate "2024.09.11"]
[WhiteTeam "Papua New Guinea"]
[BlackTeam "San Marino"]
[WhiteTeamCountry "PNG"]
[BlackTeamCountry "SMR"]

1. e4 c5 2. c3 Nf6 3. e5 Nd5 4. Nf3 d6 5. d4 cxd4 6. cxd4 Nc6 7. Bc4 dxe5 8. dxe5 Ndb4 9. Qxd8+ Nxd8 10. Na3 Bg4 11. Nd4 ({RR} 11. Bd2 Nbc6 12. Bc3 Bxf3 13. gxf3 a6 14. Nc2 e6 15. Bd3 Rc8 16. Be4 Be7 17. f4 f5 18. exf6 Bxf6 19. Bxf6 gxf6 20. f5 Ne7 21. O-O-O exf5 22. Bf3 Rc7 23. Kb1 Ndc6 24. Bh5+ Ng6 25. Ne3 Nce7 {½-½ Mamedov,R (2655)-Giri,A (2790) Gashimov Memorial 3rd 2016 (1)}) 11... Rc8 $146 ({RR} 11... Ndc6 12. Nxc6 Nxc6 13. f4 e6 14. Be3 Bb4+ 15. Kf2 O-O-O 16. Rac1 Kb8 17. h3 Bf5 18. Rhd1 h5 19. Nb5 Be4 20. a3 Be7 21. b4 Bd5 22. Bxd5 Rxd5 23. Rxd5 exd5 24. Bc5 Bxc5+ 25. Rxc5 Rd8 26. Ke3 {1-0 Ioffe,I (2214)-Pogorelskikh,S (2050) Voronezh op-A 21st 2017 (3)}) ({RR} 11... Ndc6 12. Nxc6 Nxc6 13. h3 Bd7 14. Bf4 Rc8 15. O-O e6 16. Rad1 a6 17. Be2 Nb4 18. Nc4 Bc5 19. a3 Nd5 20. Bg3 Bb5 21. Rc1 O-O 22. Rfd1 Rfd8 23. Kf1 Be7 24. Nd6 Rxc1 25. Rxc1 Bc6 26. b4 {1-0 Shuvalova,P (2496)-Nielsen,V (2345) Titled Tue 22nd Aug Late 2023 (3)}) ({RR} 11... Ndc6 12. Nxc6 Nxc6 13. e6 Bxe6 14. Bxe6 fxe6 15. Be3 Rd8 16. O-O g6 17. Nb5 a6 18. Nc3 Bg7 19. Rfd1 Bxc3 20. bxc3 Rf8 21. Rdb1 Rd7 22. g4 e5 23. Rb6 Kd8 24. Rab1 Kc8 25. Kg2 Rf6 26. c4 {0-1 Seger,R (2364)-Baldauf,M (2409) Bundesliga 1516 2015 (12.8)}) 12. Bd2 e6 13. Rc1 Ndc6 14. Nxc6 Nxc6 15. Bb5 Bxa3 16. bxa3 O-O 17. Bxc6 Rxc6 18. Rxc6 bxc6 19. Bb4 c5 20. Bxc5 Rc8 21. Be3 Rc3 22. O-O Rxa3 23. Rb1 h6 24. Rb2 Bf5 25. Bc5 Ra5 26. Bd6 Be4 27. f3 Bd5 28. a3 Kh7 29. Kf2 Ra6 30. Rc2 Rc6 1/2-1/2

[Event "45th Olympiad 2024"]
[Site "Budapest HUN"]
[Date "2024.09.15"]
[Round "5.84"]
[Board "1"]
[White "Kudakwashe Chinake"]
[Black "Asante Debesai Zerabruk"]
[Result "1/2-1/2"]
[WhiteElo "1859"]
[BlackElo "1908"]
[PlyCount "105"]
[EventDate "2024.09.11"]
[WhiteTeam "Cayman Islands"]
[BlackTeam "Eritrea"]
[WhiteTeamCountry "CAY"]
[BlackTeamCountry "ERI"]

1. d4 Nf6 2. Nc3 g6 3. Bf4 d5 4. e3 Bg7 5. Nb5 Na6 6. h4 ({RR} 6. h3 O-O 7. Nf3 c6 8. Nc3 Nc7 9. Be2 Nce8 10. O-O Nd6 11. Ne5 Nfe4 12. Nxe4 Nxe4 13. c4 f6 14. Nf3 Be6 15. Qc2 Qd7 16. Bh2 Nd6 17. cxd5 cxd5 18. Qb3 Rfc8 19. Rac1 Nc4 20. Rfd1 Bf7 {1-0 Nihal,S (2662)-Amin,B (2680) Wch Blitz Warsaw 2021 (20)}) 6... c6 $146 ({RR} 6... O-O 7. Be2 c6 8. Nc3 b6 9. Nf3 Bb7 10. Ne5 Nb8 11. h5 Nbd7 12. hxg6 fxg6 13. Bd3 Nh5 14. Rxh5 gxh5 15. Qxh5 Nf6 16. Qh2 Qe8 17. g4 c5 18. g5 Qh5 19. gxf6 Qxh2 20. f7+ Rxf7 21. Bxh2 {1-0 Dreher,D (1888)-Pejrimovsky,T (1532) Prague Summer op-B 8th 2021 (1)}) ({RR} 6... Ne4 7. h5 g5 8. h6 Bf8 9. Be5 Rg8 10. Nc3 Nxc3 11. bxc3 f6 12. Qh5+ Rg6 13. Qxg6+ hxg6 14. h7 fxe5 15. h8=Q Bf5 16. Qxe5 Qd7 17. a4 e6 18. Bb5 c6 19. Bxa6 bxa6 20. Rb1 Bxc2 21. Rb8+ {1-0 Mikhalchenko,P (2322)-Mullodzhanov,N (1878) Titled Tue 27th Feb Late 2024 (3)}) 7. Na3 Ne4 8. f3 Qa5+ 9. c3 Nd6 10. Nc2 Qb6 11. b4 Nc7 12. Bd3 Bf5 13. Bxd6 Bxd3 14. Qxd3 exd6 15. Ne2 h5 16. a4 Ne6 17. f4 O-O-O 18. a5 Qc7 19. b5 c5 20. O-O Qe7 21. g3 Bh6 22. a6 b6 23. e4 Rhe8 24. exd5 Nc7 25. Rae1 Qe4 26. Qxe4 Rxe4 27. c4 Rde8 28. Nc3 Rxe1 29. Rxe1 Rxe1+ 30. Nxe1 Bg7 31. Nf3 cxd4 32. Ne2 d3 33. Nc1 Bc3 34. Nxd3 f5 35. Kf1 Ne8 36. Ke2 Nf6 37. Nf2 Kd7 38. Kd3 Bb2 39. Nd1 Ba1 40. Nf2 Bb2 41. Ng5 Ng4 42. Nxg4 hxg4 43. Ne6 Ke7 44. Nc7 Ba3 45. Ne6 Bb2 46. Ke2 Bc3 47. Ke3 Bb4 48. h5 gxh5 49. Ng7 Kf6 50. Nxh5+ Kg6 51. Kf2 Kxh5 52. Kg2 Bc5 53. Kh2 1/2-1/2

[Event "45th Olympiad 2024"]
[Site "Budapest HUN"]
[Date "2024.09.15"]
[Round "5.84"]
[Board "4"]
[White "Samuel Merhawi Gebrehiwet"]
[Black "Tracey, Shaun M"]
[Result "1-0"]
[WhiteElo "1788"]
[BlackElo "1684"]
[PlyCount "81"]
[EventDate "2024.09.11"]
[WhiteTeam "Eritrea"]
[BlackTeam "Cayman Islands"]
[WhiteTeamCountry "ERI"]
[BlackTeamCountry "CAY"]

1. e4 d5 2. exd5 Nf6 3. c4 c6 4. dxc6 Nxc6 5. Nf3 e5 6. d3 Bc5 7. Be2 Qb6 8. O-O Ng4 9. Qe1 Nb4 10. Na3 Bf5 11. d4 exd4 12. Nxd4 $146 ({RR} 12. Nh4 O-O 13. Nxf5 Nxf2 14. Qxf2 d3 15. Be3 Bxe3 16. Qxe3 dxe2 17. Rfe1 Qf6 18. Nd4 Rfe8 19. Qc3 a5 20. Rxe2 Rxe2 21. Nxe2 Qg6 {1-0 Stankiewicz,P (2138)-Khamidov,K (2068) POL-chT Academic rapid 2018 (3.21)}) ({RR} 12. Bd3+ Be6 13. Bf5 O-O 14. Bxe6 fxe6 15. h3 Nxf2 16. Rxf2 Nd3 17. Qe4 Nxf2 18. Kxf2 d3+ 19. Ke1 Bb4+ 20. Kd1 Qg1+ {0-1 Glazov,A (2011)-Ananyeva,T (1816) Autumn on Petrograd Side 2006 (2)}) 12... Nxf2 13. Be3 Bxd4 14. Bxd4 Qxd4 15. Nb5 Qc5 16. Qxf2 Qxf2+ 17. Rxf2 Be6 18. Nc7+ Ke7 19. Nxa8 Rxa8 20. a3 Nc6 21. Rd1 g6 22. b4 h5 23. c5 Rc8 24. Bf3 Rc7 25. Re2 Kf6 26. Rd6 Ne7 27. Rd8 a6 28. Rb8 Bc8 29. Rd2 Nc6 30. Rd6+ Ke7 31. Bxc6 bxc6 32. h4 Ke8 33. Kf2 Ke7 34. Ke3 Ke8 35. Kf4 Ke7 36. Ke5 Bb7 37. Rdd8 f6+ 38. Kf4 Kf7 39. Rh8 Ke6 40. Rbd8 a5 41. Rd6+ 1-0

[Event "45th Olympiad 2024"]
[Site "Budapest HUN"]
[Date "2024.09.15"]
[Round "5.85"]
[Board "1"]
[White "Muhammed, Shuaau"]
[Black "Solomon, Joshua"]
[Result "1-0"]
[WhiteElo "2052"]
[BlackElo "1587"]
[PlyCount "81"]
[EventDate "2024.09.11"]
[WhiteTeam "Maldives"]
[BlackTeam "Antigua and Barbuda"]
[WhiteTeamCountry "MDV"]

1. e4 c6 2. d4 d5 3. e5 c5 4. dxc5 e6 5. a3 Bxc5 6. b4 Be7 7. Bb2 Nh6 8. Bd3 O-O 9. Nf3 Nd7 10. Nbd2 ({RR} 10. O-O f6 11. c4 fxe5 12. Nxe5 Bf6 13. Qe2 Nf7 14. Nxd7 Bxd7 15. cxd5 exd5 16. Nc3 d4 17. Nd5 Bc6 18. Qe4 Ng5 19. Nxf6+ Qxf6 20. Qxd4 Qxd4 21. Bxd4 Rad8 22. Bc4+ Kh8 23. Bxa7 Rf4 24. Rad1 Rdf8 {1-0 Rose,F (2091)-Lorenzo de la Riva,L (2422) Titled Tue 28th May Early 2024 (6)}) 10... a5 11. b5 Nc5 $146 ({RR} 11... a4 12. O-O Nc5 13. Be2 Bd7 14. c4 dxc4 15. Bxc4 Qb6 16. Nd4 Rfd8 17. Qe2 Rac8 18. Rfd1 Nf5 19. N2f3 Nxd4 20. Nxd4 Be8 21. Kh1 Ne4 22. Kg1 Bg5 23. Nxe6 Rxd1+ 24. Rxd1 Qxf2+ 25. Qxf2 Nxf2 26. Kxf2 {0-1 Nasuta,G (2491)-Socko,B (2592) Suwalki Warakomska Memorial-A op 2018 (8)}) ({RR} 11... f6 12. O-O Nf7 13. exf6 Bxf6 14. Bxf6 Qxf6 15. c4 Nc5 16. Qc2 Nxd3 17. Qxd3 Rd8 18. Rfe1 e5 19. cxd5 Be6 20. Ne4 Qg6 21. Qc3 Rxd5 22. a4 b6 23. Qe3 Bf5 24. Ng3 Bg4 25. h3 Bxf3 26. Qxf3 {1-0 Rose,F (2091)-Marcolino,D (2006) Titled Tue 18th Oct Late 2022 (4)}) 12. a4 Nxd3+ 13. cxd3 Bd7 14. O-O Nf5 15. g4 Nh6 16. h3 f6 17. exf6 Bxf6 18. Bxf6 Qxf6 19. d4 Rac8 20. Ne5 Qh4 21. Kg2 Rc3 22. Ndf3 Qe7 23. Qd2 Rcxf3 24. Nxf3 Be8 25. Ne5 Nf7 26. Nxf7 Bxf7 27. Qxa5 h5 28. Rac1 Qg5 29. f3 h4 30. Qe1 Qf6 31. Qe5 Qg6 32. Rc7 Qd3 33. Rxb7 Qc2+ 34. Rf2 Qxa4 35. b6 Rc8 36. Rb8 Rxb8 37. Qxb8+ Kh7 38. b7 Qxd4 39. Qd8 Qf4 40. b8=Q e5 41. Qxh4+ 1-0

[Event "45th Olympiad 2024"]
[Site "Budapest HUN"]
[Date "2024.09.15"]
[Round "5.85"]
[Board "2"]
[White "Matthew Bailey"]
[Black "Mohamed, Hassan MDV"]
[Result "1-0"]
[WhiteElo "1548"]
[BlackElo "1880"]
[PlyCount "79"]
[EventDate "2024.09.11"]
[WhiteTeam "Antigua and Barbuda"]
[BlackTeam "Maldives"]
[BlackTeamCountry "MDV"]

1. d4 Nf6 2. c4 e6 3. Nc3 d5 4. cxd5 exd5 5. Bg5 Be7 6. Qc2 h6 7. Bh4 ({RR} 7. Bf4 c5 8. Nf3 Nc6 9. e3 O-O 10. Be2 c4 11. O-O Bg4 12. Ne5 Bxe2 13. Qxe2 Re8 14. Ng4 Bd6 15. Nxf6+ Qxf6 16. Nxd5 Qe6 17. Qf3 Red8 18. Nc3 Qf5 19. Bg3 Qc2 20. Rab1 a6 21. Rfc1 Qg6 {½-½ Recoulat,E (2201)-Banos,O (2340) Trenque Lauquen m 2nd 2000 (2)}) ({RR} 7. Bf4 c6 8. e3 Bd6 9. Bxd6 Qxd6 10. Bd3 O-O 11. Nge2 b6 12. O-O Ba6 13. Rac1 Bxd3 14. Qxd3 a6 15. Rfd1 Re8 16. Ng3 Nbd7 17. Nce2 g6 18. Nf4 Kg7 19. Rc3 Rec8 20. Qc2 Rc7 21. Rc1 c5 {0-1 Garduno Huerta,J (1827)-Velazquez Rios,C (1892) ch-Mexico City 2023 (4.15)}) 7... a6 8. e3 Nc6 9. a3 Bd7 $146 ({RR} 9... Be6 10. Bd3 g5 11. Bg3 Nh5 12. Nge2 Nxg3 13. Nxg3 Na5 14. Na4 b6 15. Nh5 O-O 16. Ng3 Bf6 17. O-O Nc4 18. Rfc1 Ra7 19. b3 Nd6 20. Nf5 Bxf5 21. Bxf5 c5 22. dxc5 bxc5 23. Qxc5 Re7 24. Bd3 {½-½ De Albuquerque,I (1923)-Barja Viveros,M (1650) Pan American-ch Hybrid U14 31st 2021 (3)}) ({RR} 9... O-O 10. Bd3 Be6 11. Nge2 Re8 12. O-O Ng4 13. Bxe7 Nxe7 14. h3 Nf6 15. Na4 Qc8 16. Rac1 Bd7 17. Nc5 Bf5 18. Nf4 Bxd3 19. Qxd3 b6 20. Nb3 Qd7 21. Rc2 Ne4 22. Rfc1 c6 23. Nd2 f5 24. Nf3 {1-0 Laddha,Y (1989)-Taulananda,A (1398) Pattaya op 2019 (1)}) 10. Bxf6 Bxf6 11. Nxd5 O-O 12. Bd3 Re8 13. Ne2 Bg4 14. Nxf6+ Qxf6 15. O-O Qg5 16. Rae1 Bf3 17. Ng3 Bd5 18. Bc4 Rad8 19. Bxd5 Rxd5 20. Rc1 h5 21. Ne4 Qg4 22. f3 Qe6 23. Rfe1 Qf5 24. Qf2 f6 25. b4 Qc8 26. Qa2 Qe6 27. Nc3 Ne7 28. Nxd5 Nxd5 29. e4 Nf4 30. Qxe6+ Nxe6 31. d5 Nf4 32. Rxc7 Nxd5 33. Rxb7 Nf4 34. Rd1 Rc8 35. Rd2 Rc3 36. Rdd7 Ne6 37. Re7 Rc6 38. f4 g6 39. Re8+ Nf8 40. Rbb8 1-0

[Event "45th Olympiad 2024"]
[Site "Budapest HUN"]
[Date "2024.09.15"]
[Round "5.85"]
[Board "3"]
[White "Abdul Rahman, Ali"]
[Black "Farquhar, Abner"]
[Result "0-1"]
[WhiteElo "1844"]
[BlackElo "1678"]
[PlyCount "106"]
[EventDate "2024.09.11"]
[WhiteTeam "Maldives"]
[BlackTeam "Antigua and Barbuda"]
[WhiteTeamCountry "MDV"]

1. d4 d5 2. e3 Nf6 3. Bd3 c5 4. c3 Nc6 5. f4 Bg4 6. Nf3 e6 7. Nbd2 Bd6 8. O-O cxd4 9. cxd4 O-O ({RR} 9... Rc8 10. a3 O-O 11. b4 Ne7 12. Bb2 Nd7 13. Bxh7+ Kxh7 14. Ng5+ Kg8 15. Qxg4 Nf5 16. Qh3 Nf6 17. Rac1 Rxc1 18. Rxc1 Qd7 19. Rf1 Rc8 20. e4 dxe4 21. Ndxe4 Nxe4 22. Nxe4 Rc2 23. Ba1 Qc6 24. d5 {0-1 Valderrama Espinosa,G (2326)-Korneev,O (2611) Huila Centenary op 2005 (1)}) ({RR} 9... Bf5 10. Qb3 Bxd3 11. Qxd3 O-O 12. Ne5 Rc8 13. a3 Ne7 14. Ndf3 Ne4 15. Bd2 f6 16. Ng4 Qb6 17. Bc3 Nf5 18. Nf2 Qa6 19. Qxa6 bxa6 20. Nd1 h5 21. Nd2 Ne7 22. Nxe4 dxe4 23. Nf2 f5 24. Nh3 {0-1 Sanudula,K (1876)-Amanov,Z (2275) Titled Tue 16th Jul Early 2024 (3)}) 10. a3 Qe7 $146 ({RR} 10... Rc8 11. Qe1 Ne7 12. Ne5 Bf5 13. Qe2 Bxd3 14. Qxd3 Qc7 15. h3 Nf5 16. Kh2 Qc2 17. Ndf3 Bxe5 18. Nxe5 Ne4 19. Qd1 Qxd1 20. Rxd1 Rc2 21. Nf3 Rfc8 22. b4 R8c3 23. Bd2 Nxd2 24. Rxd2 Rxd2 25. Nxd2 {0-1 Lunelli,N (1887)-Xavier,L (2039) American Continental 10th 2014 (4)}) ({RR} 10... a5 11. Qe1 a4 12. Ne5 Bf5 13. Qe2 Qb6 14. Kh1 Rfc8 15. Rg1 Ne7 16. g4 Be4+ 17. Bxe4 Nxe4 18. Nxe4 dxe4 19. Qg2 f6 20. Nd7 Qb5 21. Nc5 Bxc5 22. dxc5 Qd3 23. Bd2 Rxc5 24. Bb4 Rc2 25. Qh3 {0-1 Abdul Rahman,A (1936)-Al Saffar,A (2349) Asia rap (Men) 16th rapid 2010 (2)}) ({RR} 10... Qb6 11. Qe1 Rac8 12. Ne5 Bh5 13. h3 Bg6 14. Nxg6 fxg6 15. Nf3 Nd7 16. Ne5 Ndxe5 17. fxe5 Bb8 18. Rxf8+ Rxf8 19. Qc3 Ne7 20. Bd2 Rc8 21. Qb4 Qxb4 22. Bxb4 Nf5 23. Kf2 Kf7 24. g4 Ne7 25. Kg3 {1-0 Rincon Sequeda,J (1624)-Vidales,J San Cristobal op 25th 2015 (7)}) 11. Qe1 Bf5 12. Qe2 Ne4 13. Bxe4 Bxe4 14. Nxe4 dxe4 15. Nd2 f5 16. Nc4 Rac8 17. Bd2 Rc7 18. Nxd6 Qxd6 19. Bc3 Rfc8 20. Rad1 Qd5 21. Kh1 Ne7 22. Rg1 Qb3 23. d5 Nxd5 24. Bd4 a6 25. Qh5 Nxe3 26. Qh3 Qxd1 27. Rxd1 Nxd1 28. Qb3 Kf7 29. h3 b5 30. Kh2 Rc2 31. Qg3 e5 32. Bxe5 e3 33. Qxg7+ Ke8 34. Qg8+ Kd7 35. Qd5+ Ke8 36. Qxd1 e2 37. Qe1 R8c4 38. Kg3 Re4 39. Bc3 a5 40. Kf3 b4 41. axb4 axb4 42. Bxb4 Rxb2 43. Bd2 Rxd2 44. Qxd2 e1=Q 45. Qxe1 Rxe1 46. g4 Kf7 47. gxf5 Kf6 48. Kg4 Rg1+ 49. Kh5 Rh1 50. Kg4 h5+ 51. Kxh5 Rxh3+ 52. Kg4 Rh1 53. Kg3 Kxf5 0-1

[Event "45th Olympiad 2024"]
[Site "Budapest HUN"]
[Date "2024.09.15"]
[Round "5.88"]
[Board "4"]
[White "Hassaballa Ahmed Hassaballa"]
[Black "Lompo, Boammani Aser"]
[Result "1-0"]
[WhiteElo "1902"]
[BlackElo "1567"]
[PlyCount "89"]
[EventDate "2024.09.11"]
[WhiteTeam "Chad"]
[BlackTeam "Burkina Faso"]
[WhiteTeamCountry "CHD"]
[BlackTeamCountry "BUR"]

1. c4 c6 2. d4 d5 3. cxd5 cxd5 4. Nf3 Nf6 5. g3 Nc6 6. Bg2 e6 7. O-O Be7 8. Nc3 O-O 9. a3 Bd7 ({RR} 9... a6 10. Bg5 b5 11. Rc1 Bb7 12. b4 Qb6 13. Bxf6 Bxf6 14. e3 Rfc8 15. Qb3 Ne7 16. Rc2 Rc4 17. Nd2 Rc7 18. Rfc1 Rac8 19. Ne2 e5 20. Nf3 exd4 21. Nfxd4 Rc4 22. Bh3 Rd8 23. Bf1 Nc6 24. Nxc6 {1-0 Vieira,A (1685)-Diaz Delograsi,F (1502) 7th Marcel Duchamp Cup 2024 (8.43)}) 10. Re1 ({RR} 10. b4 a6 11. Bb2 Na7 12. Ne5 Nb5 13. Na4 Nd6 14. Nc5 Be8 15. Qb3 Bb5 16. Rfe1 b6 17. Ncd3 Bc4 18. Qa4 Qe8 19. Qxe8 Rfxe8 20. a4 Rec8 21. Rec1 Ra7 22. Bc3 Nd7 23. Nxc4 Nxc4 24. a5 b5 {0-1 Heimberger,R (2262)-Predojevic,B (2640) AUT-chT 1617 2016 (5.5)}) 10... Na5 $146 ({RR} 10... Rc8 11. Bd2 Na5 12. Ne5 Nc4 13. Nxd7 Qxd7 14. b3 Nxa3 15. e4 dxe4 16. Nxe4 Nc2 17. Be3 Nxa1 18. Qxa1 b6 19. h3 Rfd8 20. Ng5 h6 21. Nf3 Nd5 22. Ne5 Qc7 23. Rc1 Qd6 24. Bxd5 Qxd5 25. Rxc8 {0-1 Di Pietro Paolo,L-Lacasa Diaz,J (2418) Internet Section 08A g/8'+2" blitz 2004 (1)}) ({RR} 10... Rc8 11. Ne5 Qb6 12. e4 dxe4 13. Nxe4 Rfd8 14. Nxf6+ Bxf6 15. Qh5 Nxe5 16. dxe5 g6 17. Qf3 Bg7 18. Qxb7 Bc6 19. Qxb6 axb6 20. Bg5 Rd7 21. Rac1 Rdc7 22. Bd2 Bxg2 23. Rxc7 Rxc7 24. Kxg2 Rc5 25. Bc3 {1-0 Tasnadi,G-Dobcsanyi,D (2130) HUN-chT2 Hungary 1997 (9)}) 11. Ne5 Nc6 12. Nxd7 Qxd7 13. Qd3 Rac8 14. Bg5 h6 15. Bd2 Rfd8 16. Rad1 Bf8 17. h3 Na5 18. Nxd5 Nxd5 19. Bxa5 b6 20. Bd2 Be7 21. e4 Nc7 22. Be3 Bf6 23. b4 Nb5 24. d5 Rc3 25. Qf1 Nxa3 26. dxe6 Qxe6 27. Rxd8+ Bxd8 28. Qa6 Qd7 29. Qe2 Bf6 30. Rd1 Qb5 31. Qg4 h5 32. Qf4 Rc8 33. Rd5 Qxb4 34. Rxh5 Nc4 35. Qf5 Rd8 36. Qh7+ Kf8 37. Bf4 Qe1+ 38. Kh2 Rd1 39. h4 Qg1+ 40. Kh3 g6 41. Rd5 Rxd5 42. exd5 Qxf2 43. d6 Qd4 44. Bh6+ Ke8 45. Bc6+ 1-0